Normal view
MARC view
- English Language-English Skills
Entry Topical Term
001 - CONTROL NUMBER
- control field: 2319
003 - CONTROL NUMBER IDENTIFIER
- control field: JO-AjAnu
005 - DATE AND TIME OF LATEST TRANSACTION
- control field: 20230606070702.0
008 - FIXED-LENGTH DATA ELEMENTS
- fixed length control field: 230606|| aca||aabn | a|a d
040 ## - CATALOGING SOURCE
- Original cataloging agency: JO-AjAnu
- Transcribing agency: JO-AjAnu
150 ## - HEADING--TOPICAL TERM
- Topical term or geographic name entry element: English Language-English Skills
670 ## - SOURCE DATA FOUND
- Source citation: Work cat.: (JO-AjAnu)1217: تأليف Palmer,Graham, author 2318, Real Writing 2 With answers